000 00423cam a2200181ua 4500
001 3506
008 160919n1988 II |||gr||||Z||||||eng
040 _aMAIN
041 _aEnglish
082 _a823 FOR
100 _aFORSTER, E. M.
245 _aASPECTS OF THE NOVEL
260 _aLONDON
_bPENGUIN BOOKS
_c1988
300 _a204:
_c20CM.
653 _aEnglish fiction
700 _aFORSTER, E. M.,
_eAUTHOR.,
942 _cBK
999 _c3494
_d3494